Diagnóstico integral y diseño de un modelo de planeamiento estratégico en Deter de Costa Rica S.A

Wedi'i Gadw mewn:
Manylion Llyfryddiaeth
Prif Awdur: Obando Fallas, Luis Fernando
Awduron Eraill: Sánchez Castro, José Raúl
Fformat: Llyfr
Iaith:Undetermined
Cyhoeddwyd: San José, C.R. 1996
Pynciau:
Tagiau: Ychwanegu Tag
Dim Tagiau, Byddwch y cyntaf i dagio'r cofnod hwn!

MARC

LEADER 00000nam a2200000Ia 4500
003 007942
005 20221231144237.0
008 140114s9999 xx 000 0 und d
040 |c cru CEDI 
090 |a TFG 3496 
100 |a Obando Fallas, Luis Fernando  |9 9831 
245 |a Diagnóstico integral y diseño de un modelo de planeamiento estratégico en Deter de Costa Rica S.A 
260 |c 1996  |a  San José, C.R. 
300 |a  2 volúmenes  
500 |a  Proyecto de graduación (licenciatura en ingeniería industrial)--Universidad de Costa Rica. Facultad de Ingeniería. Escuela de Ingeniería Industrial 
650 |x PLANIFICACION ESTRATEGICA   |x DETER DE COSTA RICA - ADMINISTRACION  |9 9833 
700 |9 9832  |a Sánchez Castro, José Raúl 
942 |c TFG 
999 |c 18983  |d 18983